000 00339nam a2200133Ia 4500
008 240624s9999 xx 000 0 und d
041 _aeng
082 _a658.421 NOU
100 _aNOUR DAVID
245 _aENTREPRENEUR S GUIDE TO RAISING CAPITAL
260 _c2009
_aLondon
_bPraeger
300 _ax, : 188 : p. : cm. ; 24
365 _c
_b30
999 _c24313
_d24313